500 Biggest Cities in the World - Statistics

General Stats
  • This quiz has been taken 936 times
    621 since last reset
  • The average score is 247 of 500
Answer Stats
Population City % Correct
23,000,000 New York
95%
40,700,000 Tokyo
95%
14,800,000 London
93%
17,500,000 Los Angeles
93%
11,400,000 Paris
93%
4,750,000 Berlin
92%
17,400,000 Moscow
92%
20,500,000 Beijing
91%
6,800,000 Madrid
91%
39,300,000 Shanghai
91%
32,400,000 Delhi
89%
24,700,000 Mexico City
89%
13,300,000 Rio de Janeiro
89%
3,450,000 Rome
89%
21,900,000 Cairo
88%
26,100,000 Mumbai
88%
5,450,000 Sydney
88%
2,500,000 Amsterdam
87%
4,900,000 Barcelona
87%
9,850,000 Chicago
87%
6,300,000 Miami
87%
7,800,000 San Francisco
87%
7,350,000 Dallas
86%
16,500,000 Istanbul
85%
2,475,000 Lisbon
85%
1,220,000 Oslo
85%
4,550,000 Seattle
85%
24,800,000 Seoul
85%
2,375,000 Warsaw
85%
3,500,000 Athens
84%
6,850,000 Houston
84%
28,600,000 Jakarta
84%
14,500,000 Johannesburg
84%
3,500,000 Kiev
84%
3,100,000 Manchester
84%
6,150,000 Milan
84%
5,600,000 Saint Petersburg
84%
22,700,000 São Paulo
84%
2,200,000 Stockholm
84%
15,800,000 Tehran
84%
8,750,000 Washington
84%
7,850,000 Boston
83%
1,420,000 Dublin
83%
26,400,000 Manila
83%
1,230,000 | 5,150,000 Melbourne
83%
2,275,000 Munich
83%
7,650,000 Toronto
83%
19,900,000 Bangkok
82%
10,000,000 Bogotá
82%
16,800,000 Buenos Aires
82%
4,125,000 Hanoi
82%
1,500,000 Helsinki
82%
17,700,000 Osaka
82%
5,250,000 Ankara
81%
2,725,000 Brussels
81%
6,050,000 Dubai
81%
20,700,000 Lagos
81%
11,400,000 Lima
81%
4,125,000 Naples
81%
7,550,000 Philadelphia
81%
8,000,000 Santiago
81%
2,250,000 Vienna
81%
4,100,000 Brasília
80%
4,375,000 Cape Town
80%
65,100,000 Guangzhou
80%
7,400,000 Hong Kong
80%
3,000,000 Sana'a
80%
6,050,000 Alexandria
79%
7,300,000 Baghdad
79%
3,150,000 Birmingham
79%
2,650,000 Budapest
79%
1,750,000 Copenhagen
79%
20,900,000 Dhaka
79%
2,875,000 Hamburg
79%
10,900,000 Ho Chi Minh City
79%
1,690,000 Marseille
79%
1,470,000 Prague
79%
2,950,000 Vancouver
79%
2,200,000 Bucharest
78%
3,800,000 Caracas
78%
18,600,000 Karachi
78%
1,880,000 Liverpool
78%
2,000,000 Lyon
78%
1,550,000 Porto
78%
3,275,000 San Diego
78%
7,950,000 Singapore
78%
1,450,000 Sofia
78%
6,000,000 Atlanta
77%
4,625,000 Casablanca
77%
4,975,000 Cologne / Düsseldorf
77%
3,875,000 Denver
77%
3,275,000 Frankfurt am Main
77%
1,690,000 Glasgow
77%
17,200,000 Kolkata
77%
4,275,000 Montreal
77%
6,300,000 Nairobi
77%
2,125,000 Perth
77%
4,725,000 Phoenix
77%
2,400,000 San José
77%
9,200,000 Taipei
77%
4,100,000 Algiers
76%
3,975,000 Damascus
76%
5,850,000 Detroit
76%
1,590,000 Panama City
76%
2,825,000 Quito
76%
2,075,000 Austin
75%
9,100,000 Kuala Lumpur
75%
2,300,000 Las Vegas
75%
8,800,000 Riyadh
75%
2,775,000 Tel Aviv-Jaffa
75%
2,775,000 Tunis
75%
1,470,000 Auckland
74%
3,575,000 Orlando
74%
2,450,000 Portland
74%
2,100,000 Rabat
74%
3,300,000 Rotterdam
74%
10,800,000 Wuhan
74%
1,660,000 Abu Dhabi
73%
1,430,000 Belgrade
73%
4,075,000 Dakar
73%
6,750,000 Dar es Salaam
73%
2,225,000 Havana
73%
4,625,000 Kabul
73%
14,500,000 Kinshasa
73%
2,000,000 Minsk
73%
2,925,000 Pyongyang
73%
1,880,000 | 2,050,000 Valencia
73%
4,000,000 Addis Ababa
72%
13,900,000 Lahore
72%
1,300,000 Ottawa
72%
1,330,000 Tripoli
72%
13,200,000 Bangalore
71%
3,300,000 Brisbane
71%
2,375,000 Doha
71%
3,250,000 Guatemala City
71%
6,650,000 Khartoum
71%
1,870,000 Montevideo
71%
11,600,000 Xi'an
71%
1,380,000 Adelaide
70%
11,900,000 Chennai
70%
5,650,000 Guadalajara
70%
1,530,000 Jacksonville
70%
4,325,000 Kuwait City
70%
2,175,000 La Paz
70%
2,175,000 Leeds
70%
3,250,000 Minneapolis
70%
2,250,000 San Antonio
70%
4,450,000 Tampa
70%
5,700,000 Amman
69%
1,820,000 Beirut
69%
1,600,000 Turin
69%
6,150,000 Accra
68%
5,100,000 Belo Horizonte
68%
4,025,000 Busan
68%
4,850,000 Colombo
68%
10,700,000 | 2,375,000 Hyderabad
68%
2,075,000 Indianapolis
68%
3,025,000 Kathmandu
68%
8,700,000 Luanda
68%
5,750,000 Monterrey
68%
10,500,000 Nagoya
68%
4,100,000 Santo Domingo
68%
15,200,000 Chengdu
67%
10,100,000 Chongqing
67%
4,150,000 Medellín
67%
2,125,000 Sacramento
67%
3,900,000 Abuja
66%
2,425,000 Asunción
66%
3,100,000 Cleveland
66%
1,790,000 Columbus
66%
3,525,000 Durban
66%
5,300,000 Jeddah
66%
2,050,000 Kansas City
66%
1,550,000 Nashville
66%
3,425,000 Port-au-Prince
66%
2,650,000 Baku
65%
1,520,000 Calgary
65%
2,250,000 Mecca
65%
2,050,000 Mogadishu
65%
11,200,000 Tianjin
65%
9,050,000 Ahmedabad
64%
2,525,000 Charlotte
64%
2,850,000 Cincinnati
64%
1,370,000 Edmonton
64%
2,075,000 Harare
64%
3,075,000 Izmir
64%
1,620,000 Kharkiv
64%
1,400,000 Muscat
64%
1,380,000 Tbilisi
64%
1,470,000 Zurich
64%
1,230,000 Nur-Sultan
63%
3,875,000 Recife
63%
2,575,000 Salt Lake City
63%
2,500,000 Sapporo
63%
2,375,000 St. Louis
63%
3,500,000 Tashkent
63%
14,100,000 Xiamen
63%
1,230,000 Antwerp
62%
3,825,000 Bamako
62%
4,175,000 Jaipur
62%
7,350,000 Pune
62%
5,850,000 Yangon
62%
5,950,000 Abidjan
61%
2,925,000 Cali
61%
3,825,000 Kampala
61%
1,540,000 Milwaukee
61%
1,470,000 Ulaanbaatar
61%
1,980,000 Aleppo
60%
2,425,000 Brazzaville
60%
5,100,000 Chittagong
60%
2,925,000 Lusaka
60%
2,275,000 Manaus
60%
2,400,000 Maputo
60%
2,650,000 Phnom Penh
60%
2,075,000 Pittsburgh
60%
2,400,000 Stuttgart
60%
2,150,000 Tijuana
60%
1,510,000 Yerevan
60%
3,750,000 Fortaleza
59%
1,930,000 Freetown
59%
1,870,000 Hiroshima
59%
1,640,000 Medina
59%
8,850,000 Nanjing
59%
1,910,000 San Salvador
59%
5,850,000 Surabaya
59%
3,650,000 Yaoundé
59%
2,250,000 Almaty
58%
2,850,000 Antananarivo
58%
5,300,000 Harbin
58%
5,000,000 Kano
58%
1,380,000 Managua
58%
3,650,000 Salvador
58%
1,570,000 Sheffield
58%
2,775,000 Fukuoka
57%
1,390,000 Niamey
57%
4,175,000 Porto Alegre
57%
6,850,000 Bandung
56%
1,690,000 Córdoba
56%
12,500,000 Hangzhou
56%
1,520,000 Manama
55%
1,500,000 Newcastle
55%
1,710,000 Nizhny Novgorod
55%
1,990,000 San Juan
55%
7,150,000 Surat
55%
1,390,000 Volgograd
55%
1,670,000 Yekaterinburg
55%
1,390,000 Antalya
54%
2,250,000 Belém
54%
2,825,000 Cebu
54%
2,700,000 Conakry
54%
1,430,000 Donetsk
54%
3,250,000 Guayaquil
54%
1,280,000 Kigali
54%
1,710,000 Monrovia
54%
1,680,000 Ndjamena
54%
1,740,000 Raleigh
54%
2,275,000 Lomé
53%
3,900,000 Lucknow
53%
5,050,000 Dalian
52%
4,450,000 Fuzhou
52%
3,300,000 Isfahan
52%
1,310,000 Lille
52%
4,075,000 Medan
52%
1,690,000 Novosibirsk
52%
2,750,000 Ouagadougou
52%
4,100,000 Puebla
52%
7,050,000 Qingdao
52%
1,390,000 Rosario
52%
1,300,000 Rostov-on-Don
52%
8,400,000 Shenyang
52%
3,875,000 Ürümqi
52%
1,480,000 Ashgabat
51%
3,800,000 Ibadan
51%
1,260,000 Kazan
51%
2,425,000 Agra
50%
1,260,000 Bangui
50%
1,380,000 Buffalo
50%
3,500,000 Curitiba
50%
1,310,000 Fes
50%
1,410,000 Port Elizabeth
50%
1,280,000 Samara
50%
2,250,000 Santa Cruz
50%
2,200,000 Barranquilla
49%
10,000,000 Changsha
49%
3,575,000 Douala
49%
6,000,000 Kunming
49%
3,300,000 Mashhad
49%
1,650,000 Virginia Beach
49%
1,580,000 Ciudad Juaréz
48%
2,750,000 Daegu
48%
1,360,000 Dnepropetrovsk
48%
3,375,000 Nagpur
48%
8,950,000 Zhengzhou
48%
3,850,000 Faisalabad
47%
7,150,000 Hefei
47%
2,700,000 Maracaibo
47%
7,950,000 Shantou
47%
1,600,000 Basra
46%
2,175,000 Bursa
46%
1,460,000 Mosul
46%
4,850,000 Nanning
46%
2,200,000 León
45%
1,280,000 Mombasa
45%
1,390,000 Nottingham
45%
1,300,000 Sevilla
45%
3,400,000 Indore
44%
6,200,000 Jinan
44%
5,050,000 Wenzhou
44%
2,300,000 Katowice
43%
1,360,000 Nouakchott
43%
1,770,000 Adana
42%
3,275,000 Campinas
42%
1,380,000 Chelyabinsk
42%
2,050,000 George Town
42%
3,550,000 Kanpur
42%
4,375,000 Changchun
41%
2,825,000 Kumasi
41%
1,440,000 Natal
41%
1,840,000 Shiraz
41%
1,740,000 Benin City
40%
6,850,000 Ningbo
40%
2,525,000 Port Harcourt
40%
2,550,000 Bhopal
39%
1,580,000 Denpasar
39%
2,075,000 Gaza
39%
1,290,000 Mérida
39%
5,550,000 Taiyuan
38%
2,500,000 Goiânia
37%
1,690,000 Hartford
37%
3,325,000 Lanzhou
37%
1,650,000 Mandalay
37%
1,540,000 Oran
37%
1,460,000 São Luís
37%
2,675,000 Dammam
36%
3,625,000 Rawalpindi
36%
2,600,000 Toluca
35%
4,625,000 Guiyang
34%
1,360,000 Konya
34%
4,625,000 Nanchang
34%
2,800,000 Patna
34%
2,525,000 Peshawar
34%
1,880,000 Tabriz
34%
3,725,000 Zibo
34%
1,590,000 Davao
32%
1,950,000 Cotonou
31%
2,550,000 Lubumbashi
31%
3,050,000 Xuzhou
31%
1,400,000 Cochabamba
30%
2,850,000 Coimbatore
30%
2,350,000 Anshan
29%
1,240,000 Da Nang
29%
1,900,000 Vitória
29%
3,075,000 Bhilai
28%
1,350,000 Qom
28%
2,000,000 Varanasi
28%
1,300,000 Bucaramanga
27%
1,740,000 Gaziantep
27%
2,775,000 Kaohsiung
27%
1,440,000 Maracay
27%
1,590,000 Querétaro
27%
1,510,000 Sendai
27%
1,760,000 Makassar
26%
1,580,000 Mannheim
26%
1,770,000 Santos
26%
5,750,000 Shijiazhuang
26%
1,620,000 Kochi
25%
1,290,000 Stockton
25%
1,250,000 Agadir
24%
1,320,000 Barquisimeto
24%
1,250,000 Kananga
24%
2,250,000 Mbuji-Mayi
22%
1,720,000 Palembang
22%
5,650,000 The Ruhr
22%
1,390,000 Torreón
22%
1,770,000 Yogyakarta
22%
1,540,000 Daejeon
21%
1,570,000 Jodhpur
21%
2,450,000 Taichung
21%
2,300,000 Vishakhapatnam
21%
1,450,000 Amritsar
20%
1,540,000 Angeles
20%
2,225,000 Multan
20%
2,075,000 Semarang
20%
1,210,000 Aba
19%
1,360,000 Harrisburg
19%
2,025,000 Rajkot
19%
1,340,000 San Luis Potosí
19%
1,260,000 San Pedro Sula
19%
1,650,000 Surakarta
19%
1,510,000 Allahabad
18%
2,975,000 Gujranwala
18%
1,630,000 Gwangju
18%
2,475,000 Haikou
18%
2,475,000 Hohhot
18%
1,310,000 Tainan
18%
2,600,000 Tangshan
18%
1,570,000 Jilin
17%
2,000,000 Kaduna
17%
1,230,000 Naha
17%
2,175,000 Okayama
17%
1,270,000 Onitsha
17%
2,300,000 Vadodara
17%
2,500,000 Chandigarh
16%
1,860,000 Huainan
16%
4,125,000 Linyi
16%
3,425,000 Luoyang
16%
1,850,000 Madurai
16%
2,150,000 Baotou
15%
1,990,000 Kitakyushu
15%
1,390,000 | 2,475,000 Taizhou
15%
2,050,000 Ludhiana
14%
1,690,000 Srinagar
14%
2,975,000 Weifang
14%
2,450,000 Yantai
14%
1,440,000 Ahvaz
13%
1,280,000 McAllen
13%
1,820,000 Meerut
13%
3,150,000 Nantong
13%
1,270,000 Pointe-Noire
13%
1,640,000 Guilin
12%
2,675,000 Handan
12%
1,470,000 Kota
12%
2,275,000 Liuzhou
12%
1,290,000 Maiduguri
12%
1,280,000 Mysore
12%
2,025,000 Baoding
11%
1,860,000 Datong
11%
1,890,000 Huai'an
11%
1,230,000 Khulna
11%
1,730,000 Malang
11%
1,510,000 Ranchi
11%
1,950,000 Xining
11%
2,425,000 Xinxiang
11%
2,325,000 Zhuhai
11%
1,810,000 Anyang
10%
1,910,000 Aurangabad
10%
1,330,000 Bandar Lampung
10%
1,320,000 Benguela
10%
1,440,000 Chonburi
10%
1,310,000 Hamamatsu
10%
1,540,000 Jabalpur
10%
2,150,000 Vijayawada
10%
1,670,000 Wuhu
10%
2,125,000 Yangzhou
10%
1,670,000 Asansol
9%
1,390,000 Bareilly
9%
1,980,000 Bhubaneswar
9%
1,820,000 Daqing
9%
1,470,000 Gwalior
9%
1,730,000 Jamshedpur
9%
1,730,000 Jining
9%
1,340,000 Weihai
9%
2,200,000 Yinchuan
9%
1,420,000 Dhanbad
8%
1,880,000 Ganzhou
8%
2,925,000 Jiangyin
8%
1,270,000 Luzhou
8%
1,340,000 Maoming
8%
1,340,000 Moradabad
8%
1,300,000 Nanchong
8%
1,440,000 Tai'an
8%
1,730,000 Xiangyang
8%
2,350,000 Yiwu
8%
1,320,000 Aligarh
7%
1,580,000 Huzhou
7%
1,230,000 Kaifeng
7%
1,510,000 Nanyang
7%
1,740,000 Zhanjiang
7%
1,280,000 Huaibei
6%
1,620,000 Qinhuangdao
6%
1,250,000 Tiruchirappalli
6%
1,490,000 Tiruppur
6%
1,320,000 Yancheng
6%
1,380,000 Zhangjiakou
6%
1,810,000 Bengbu
5%
1,330,000 Yichang
5%
1,770,000 Zunyi
5%
1,530,000 Jiaozuo
4%
1,620,000 Mianyang
4%
2,225,000 Nasik
4%
1,500,000 Xingtai
4%
1,290,000 Xuchang
4%
1,480,000 Yulin
4%
1,640,000 Cangnan
3%
1,250,000 Fuyang
3%
1,370,000 Heze
3%
1,420,000 Jinhua
3%
1,520,000 Puyang
3%
1,240,000 Qingyuan
3%
1,740,000 Zaozhuang
3%
1,220,000 Dazhou
2%
1,990,000 Jiaxing
2%
1,530,000 Shangqiu
2%
1,410,000 Shangrao
2%
1,260,000 Suqian
2%
1,900,000 Pindingshan
1%
No matching quizzes found
Score Distribution
Percent of People with Each Score
Percentile by Number Answered
Your Score History
You have not taken this quiz since the last reset